¿Por qué sigo haciendo eso? / (Registro nro. 11398)

Detalles MARC
000 -LIDER
fixed length control field 00829nam a22002777a 4500
003 - IDENTIFICACDOR DE NÚMERO DE CONTROL
control field DO-SdBNP
005 - DATE AND TIME OF LATEST TRANSACTION
control field 20221102120702.0
008 - ELEMENTOS DE LONGITUD FIJA
fixed length control field 160915b2009 cl 00| 0 spa d
020 ## - ISBN
International Standard Book Number 9789587048452
040 ## - FUENTE DE CATALOGACIÓN
Agencia que crea de manera original el registro BPMSU
Idioma de catalogación spa
Agencia que realiza la transcripción BPMSU
082 #4 - NÚMERO DE CLASIFICACIÓN DECIMAL DE DEWEY
Classification number 158.1
Item number W628p 2009
Edition number 22
100 1# - ASIENTO PRINCIPAL -- NOMBRE PERSONAL
Nombre personal Wholey, Dennis
Fechas asociadas con el nombre 1937-
245 10 - MENCIÓN DE TITULO
Título ¿Por qué sigo haciendo eso? /
Mención de responsabilidad Dennis Wholey ; traducción Adrianna Delgado
260 ## - PUBLICACIÓN, DISTRIBUCIÓN, ETC. (PIE DE IMPRENTA)
Lugar de publicación, distribución, etc Colombia :
Nombre del editor, distribuidor, etc. Aguilar,
Fecha de publicación, distribución, etc 2009.
300 ## - DESCRIPCIÓN FÍSICA
Extensión 255 p. :
Dimensiones 24 cm.
490 0# - MENCIÓN DE SERIES
Mención de serie Fontanar
500 ## - NOTA GENERAL
Nota general Incluye índice
534 ## - NOTA SOBRE LA VERSIÓN ORIGINAL
Asiento principal del original Título original :
Mención del título original Why do i keep doing that?
590 ## - NOTA LOCAL
Enlace Inventariado, 2022/VM
650 #4 - ENCABEZAMIENTO DE MATERIA--TEMÁTICO
Término temático o nombre geográfico como elemento de entrada Negativismo.
650 #4 - ENCABEZAMIENTO DE MATERIA--TEMÁTICO
Término temático o nombre geográfico como elemento de entrada Cambio (Psicología)
650 #4 - ENCABEZAMIENTO DE MATERIA--TEMÁTICO
Término temático o nombre geográfico como elemento de entrada Psicología aplicada.
700 1# - ASIENTO SECUNDARIO -- NOMBRE PERSONAL
Nombre personal Delgado, Adriana,
Títulos u otras palabras asociadas con el nombre tr.
910 ## - VALIDACIÓN
Validación BTAVÁREZ/ VMateo V. /Validado
942 ## - ADDED ENTRY ELEMENTS (KOHA)
Source of classification or shelving scheme Dewey Decimal Classification
Koha item type Libros
Existencias
Withdrawn status Lost status Source of classification or shelving scheme Damaged status Not for loan Collection code Home library Current library Date acquired Source of acquisition Full call number Barcode Date last seen Price effective from Koha item type Total Checkouts Copy number
    Dewey Decimal Classification     Colección General Biblioteca Pública Metropolitana Salomé Ureña Biblioteca Pública Metropolitana Salomé Ureña 09/15/2016 Santillana BPMSU CG 158.1 W628p 2009 BPMSU16090322 09/15/2016 09/15/2016 Libros    
    Dewey Decimal Classification     Colección General Biblioteca Pública Metropolitana Salomé Ureña Biblioteca Pública Metropolitana Salomé Ureña 09/15/2016 SANTILLANA BPMSU CG 158.1 W628p 2009 BPMSU16090323 09/15/2016 09/15/2016 Libros   e.2
    Dewey Decimal Classification     Colección General Biblioteca Pública Metropolitana Salomé Ureña Biblioteca Pública Metropolitana Salomé Ureña 09/15/2016 Santillana BPMSU CG 158.1 W628p 2009 BPMSU16090324 09/15/2016 09/15/2016 Libros   e.3